00249nam a2200085Ia 4500008004100000100004000041245004300081260003100124300000800155201231s9999 xx 000 0 und d aSinger, Milton and Cohn, Bernard S. 0aStructure and Change In Indian Society aJaipurbRawat Publications a507